000 00331nam a2200133Ia 4500
008 231229s2022 xx 000 0 und d
041 _aeng
082 _a347.4206
_bLAL
100 _aLAL (Batuk)
245 _aLaw of Evidence.
250 _a23rd
260 _aAllahabad
_bCentral Law Agency Allahabad
_c2022
300 _avii, 717
999 _c1126705
_d1126705